000 00734nam a22002657a 4500
005 20250624171144.0
008 150312b2013 xxu||||| |||| 00| 0 spa d
041 _aESP
082 _a005.5 S425ma
100 _aScott Peña, Patricia
245 _aManual imprescindible de office 2013
260 _aEspaña
_bANAYA
_c2013
300 _a406 páginas
490 _aDirección y Administración de Empresa
490 _aSecretariado Ejecutivo
490 _aTecnologías de la Información
650 _aPROGRAMAS PARA COMPUTADOR
650 _aMICROSOFT OFFICE 2013
650 _aWORD 2013
650 _aEXCEL 2013
650 _aPOWER POINT 2013
650 _aOUTLOOK 2013
650 _aPUBLISHER 2013
942 _cBK
_2ddc
999 _c3897
_d3897